000 00347nam a2200145Ia 4500
008 230711s9999||||xx |||||||||||||| ||und||
041 _aENG
082 _a800
_bJA-D
100 _aJaswant Zafar
245 0 _aDo Sahan Vichkar
250 _a1st . Ed.
260 _c1993
_aNew Delhi
_bPunjabi University Patiala
650 _aLiterature
942 _cBK
999 _c2244
_d2244